| 000 | 01381nam a22003617a 4500 | ||
|---|---|---|---|
| 003 | CHAP | ||
| 005 | 20220329143047.0 | ||
| 008 | 051121d2004 mx r 00110 spa d | ||
| 010 | _a91355 | ||
| 011 | _a92327 | ||
| 035 | _a102891 | ||
| 040 | _cCHAP | ||
| 090 | _aTesis | ||
| 100 | 0 | 0 |
_aTrejo Nava, Víctor Aarón. _9114765 |
| 245 | 1 | 0 |
_aEvaluación forrajera y de grano de un sistema asociado de maíz con Dolichos purpureus O con Mucuna derengianum, bajo diferentes días a la siembra de las leguminosas _c/por Víctor Aarón Trejo Nava |
| 260 |
_aCocula, Gro. : _bEl autor, _c2004. |
||
| 300 |
_a62 h. ; _bgráfs. |
||
| 502 | _aTesis (Ing. Agr. Zootecnista) -- Colegio Superior Agropecuario del Estado de Guerrero. Centro de Estudios Profesionales | ||
| 590 |
_aALEPH _b10 _c20130110 _lUCH01 _h1507 |
||
| 590 |
_aBATCH-UPD _b10 _c20130110 _lUCH01 _h0459 |
||
| 590 |
_aBATCH-UPD _b10 _c20130110 _lUCH01 _h2315 |
||
| 590 |
_aBATCH-UPD _b10 _c20130410 _lUCH01 _h0137 |
||
| 590 |
_aBATCH-UPD _b10 _c20130914 _lUCH01 _h1125 |
||
| 590 |
_aCONVERSION _b10 _c20130109 _lUCH01 _h1351 |
||
| 650 | 1 | 4 |
_aCultivos asociados. _930370 |
| 650 | 1 | 4 |
_aLablad purpureus. _964278 |
| 650 | 1 | 4 |
_aLeguminosas forrajeras. _965868 |
| 650 | 1 | 4 |
_aMucuna deeringiana. _979258 |
| 901 | _aBK | ||
| 905 | _aAlejandra Carrasco M. | ||
| 942 | _cTESIS | ||
| 949 |
_aTesis _bBC _cTES _d1028911 _eTS1 _h44105 _i102891 _sb |
||
| 999 |
_c91355 _d91355 |
||